Fundamental physics: an introduction (Record no. 152008)
[ view plain ]
| 000 -LEADER | |
|---|---|
| fixed length control field | 00507nam a2200205Ia 4500 |
| 003 - CONTROL NUMBER IDENTIFIER | |
| control field | OSt |
| 005 - DATE AND TIME OF LATEST TRANSACTION | |
| control field | 20221010143916.0 |
| 008 - FIXED-LENGTH DATA ELEMENTS--GENERAL INFORMATION | |
| fixed length control field | 210210b2013 xxu||||| |||| 00| 0 eng d |
| 020 ## - INTERNATIONAL STANDARD BOOK NUMBER | |
| International Standard Book Number | 9788184872750 |
| 040 ## - CATALOGING SOURCE | |
| Transcribing agency | AL |
| 041 ## - LANGUAGE CODE | |
| Language code of text/sound track or separate title | eng |
| 082 ## - DEWEY DECIMAL CLASSIFICATION NUMBER | |
| Classification number | 530 CHAF |
| 100 ## - MAIN ENTRY--PERSONAL NAME | |
| Personal name | CHATTERJEE (Sanat Kumar) |
| 9 (RLIN) | 59309 |
| 245 ## - TITLE STATEMENT | |
| Title | Fundamental physics: an introduction |
| 260 ## - PUBLICATION, DISTRIBUTION, ETC. | |
| Place of publication, distribution, etc. | New Delhi |
| Name of publisher, distributor, etc. | Narosa Publishing House |
| Date of publication, distribution, etc. | 2013 |
| 300 ## - PHYSICAL DESCRIPTION | |
| Extent | xv,358 |
| 690 ## - LOCAL SUBJECT ADDED ENTRY--TOPICAL TERM (OCLC, RLIN) | |
| Topical term or geographic name as entry element | Physics |
| 9 (RLIN) | 59310 |
| 906 ## - LOCAL DATA ELEMENT F, LDF (RLIN) | |
| a | 067797 |
| 942 ## - ADDED ENTRY ELEMENTS (KOHA) | |
| Source of classification or shelving scheme | Dewey Decimal Classification |
| Koha item type | Book |
| Withdrawn status | Lost status | Source of classification or shelving scheme | Damaged status | Not for loan | Collection code | Home library | Current library | Shelving location | Date acquired | Source of acquisition | Cost, normal purchase price | Total Checkouts | Full call number | Barcode | Date last seen | Price effective from | Koha item type |
|---|---|---|---|---|---|---|---|---|---|---|---|---|---|---|---|---|---|
| Dewey Decimal Classification | Physics | St Aloysius Library | St Aloysius Library | 02/17/2021 | School Book Company, Mangalore | 375.00 | 530 CHAF | 067798 | 02/17/2021 | 02/17/2021 | Book | ||||||
| Dewey Decimal Classification | Physics | St Aloysius Library | St Aloysius Library | 02/17/2021 | School Book Company, Mangalore | 375.00 | 530 CHAF | 067797 | 02/17/2021 | 02/17/2021 | Book |